| 000 | 00421 a2200169 4500 | ||
|---|---|---|---|
| 001 | 68708 | ||
| 020 | _a8526248871 | ||
| 040 | _cAnchieta - Itaigara | ||
| 100 | _aComapny, Mercè | ||
| 240 | 1 | 0 |
_aAs trigêmeas e Branca de Neve e os sete anões _lpor |
| 245 | 1 | 0 | _aAs trigêmeas e Branca de Neve e os sete anões |
| 300 | _a31 | ||
| 362 | 0 | _a2003 | |
| 440 | 1 | _aScipione | |
| 650 | 4 | _aLiteratura infantil | |
| 942 | _cBK | ||
| 999 |
_c68708 _d68708 |
||